No habrá cambio social sin revisar el poder desde el feminismo /
محفوظ في:
| المؤلف الرئيسي: | |
|---|---|
| التنسيق: | نص |
| الوسوم: |
إضافة وسم
لا توجد وسوم, كن أول من يضع وسما على هذه التسجيلة!
|
MARC
| LEADER | 00000 a a2200000 04500 | ||
|---|---|---|---|
| 001 | 7117 | ||
| 003 | |||
| 040 | |||
| 100 | |a Randall, Margaret | ||
| 245 | |a No habrá cambio social sin revisar el poder desde el feminismo / |c Margaret Randall | ||
| 773 | |g volumen 19, número 214 -215; páginas 44-51 | ||
| 999 | |c 20988 |d 20988 | ||
